000
00327nam a2200109Ia 4500
001
1275952
005
20260417160438.0
008
260417s9999 xx 000 0 und d
020
_a
9786257303224
245
0
_a
Devasa Hayvanların Büyük Kitabı - Minik Hayvanların Küçük Kitabı
_c
Cristina Banfi
260
_b
Ketebe Çocuk
999
_c
1275952
_d
1275952